[Event "Lansing (MI Op/4/4)"]
[Site "?"]
[Date "1996.??.??"]
[Round "?"]
[White "Hankinson, Chris"]
[Black "Ward, Tom"]
[Result "0-1"]
[WhiteElo "2110"]
[BlackElo "2215"]
[PlyCount "74"]
[EventDate "1996.??.??"]

{4/(4)} 1. Nc3 c5 2. e4 Nc6 3. Nge2 g6 4. d4 cxd4 5. Nxd4 Bg7 6. Nde2 Nf6 7. g3
O-O 8. Bg2 d6 9. h3 Be6 10. O-O Qc8 11. Kh2 Bc4 12. f4 Rd8 13. Be3 b5 14. Rf2
e6 15. Nd4 Nxd4 16. Bxd4 e5 17. Be3 b4 18. fxe5 dxe5 19. Nd5 Nxd5 20. exd5 a5
21. Bg5 Rd7 22. h4 Qc5 23. Qe1 Bxd5 24. Rd1 Qc6 25. Rfd2 Bxg2 26. Rxd7 h6 27.
Qf2 Bf3 28. Be3 e4 29. Rd8+ Rxd8 30. Rxd8+ Kh7 31. Bd4 Qc7 32. Rd5 Qc6 33. Rc5
Qd6 34. c3 bxc3 35. bxc3 g5 36. hxg5 hxg5 37. Rxg5 Qh6+ 0-1

[Event "Lansing (MI Op/2/19)"]
[Site "?"]
[Date "1996.??.??"]
[Round "?"]
[White "Hankinson, Chris"]
[Black "Hartwig, Thomas"]
[Result "1-0"]
[WhiteElo "2110"]
[BlackElo "1870"]
[PlyCount "75"]
[EventDate "1996.??.??"]

{2/(19)} 1. Nc3 d5 2. e4 d4 3. Nb1 e5 4. Bc4 Nf6 5. d3 Bc5 6. f4 Nc6 7. a3 Bg4
8. Nf3 exf4 9. Bxf4 Bd6 10. Bg5 Ne5 11. Ba2 Qe7 12. Nbd2 h6 13. Bxf6 Qxf6 14.
O-O O-O-O 15. Nxe5 Bxd1 16. Rxf6 Bxe5 17. Rf5 Bxc2 18. Rxe5 f6 19. Re7 Bxd3 20.
Rc1 c6 21. Rxg7 Rhe8 22. Bb1 Bxb1 23. Rxb1 Re5 24. Rc1 f5 25. exf5 Re2 26. f6
Rf8 27. f7 Kd7 28. Nb3 Rxb2 29. Nxd4 Ke7 30. Re1+ Kf6 31. Ne6 Rb3 32. Rh7 Rxf7
33. Rf1+ Kxe6 34. Rfxf7 Rxa3 35. Rxb7 a5 36. Rxh6+ Kd5 37. Rd7+ Kc4 38. Rxc6+
1-0

[Event "Flint (MI Jr/2/14)"]
[Site "?"]
[Date "1996.??.??"]
[Round "?"]
[White "Hamade, Wael"]
[Black "Jeager, P."]
[Result "1-0"]
[WhiteElo "1605"]
[BlackElo "1605"]
[PlyCount "67"]
[EventDate "1996.??.??"]

{2/(14)} 1. e4 e5 2. Nf3 Nc6 3. Bc4 Nf6 4. Ng5 Qe7 5. Nc3 Nd5 6. d3 Nxc3 7.
bxc3 f6 8. Nf3 d6 9. d4 exd4 10. Qd3 f5 11. Ng5 h6 12. Nf7 fxe4 13. Qg3 Rh7 14.
O-O Be6 15. Qg6 Bxc4 16. Nxd6+ Kd7 17. Nxc4 Rh8 18. Qf5+ Ke8 19. Re1 Qf6 20.
Rxe4+ Be7 21. Qh5+ g6 22. Qh3 dxc3 23. Bxh6 Rd8 24. Qe3 Nd4 25. Rc1 Nf5 26. Bg5
Qxg5 27. Qxg5 Rd7 28. Qxg6+ Kd8 29. Qxf5 Bd6 30. Nxd6 Rxd6 31. Qg5+ Kd7 32.
Qg7+ Kc6 33. Qxh8 a5 34. Qxc3+ 1-0

[Event "Flint (MI Jr/4/16)"]
[Site "?"]
[Date "1996.??.??"]
[Round "?"]
[White "Hamade, Wael"]
[Black "Herron, D."]
[Result "1-0"]
[WhiteElo "1605"]
[BlackElo "1605"]
[PlyCount "87"]
[EventDate "1996.??.??"]

{4/(16)} 1. e4 e5 2. Nf3 d6 3. Bc4 Bg4 4. Nc3 Be7 5. h3 Bxf3 6. Qxf3 Nf6 7. Nd5
Nbd7 8. d3 c6 9. Nxe7 Qxe7 10. Qg3 Nh5 11. Qf3 Qf6 12. Qxh5 g6 13. Qh6 b5 14.
Bg5 Qxg5 15. Bxf7+ Kxf7 16. Qxg5 h6 17. Qg3 h5 18. Qg5 h4 19. a4 Rh5 20. Qe3 d5
21. axb5 d4 22. Qf3+ Ke7 23. bxc6 Nb6 24. b4 Rf8 25. Rxa7+ Ke8 26. Qe2 Rg5 27.
Rg1 Nc8 28. Rh7 Nb6 29. Qd2 Rh5 30. Rxh5 gxh5 31. Qh6 Ke7 32. c7 Ra8 33. Kd2
Na4 34. Ra1 Kd7 35. c8=Q+ Kxc8 36. Qc6+ Kb8 37. Rxa4 Ra6 38. Qxa6 Kc7 39. Qb5
Kd6 40. Ra6+ Kc7 41. Qb6+ Kc8 42. Qa7 Kd8 43. Qb7 Ke8 44. Ra8# 1-0

[Event "Lansing (MI Op/2/1)"]
[Site "?"]
[Date "1996.??.??"]
[Round "?"]
[White "Haluska, James"]
[Black "Tsemekhman, Vadim"]
[Result "0-1"]
[WhiteElo "2010"]
[BlackElo "2510"]
[PlyCount "64"]
[EventDate "1996.??.??"]

{2/(1)} 1. d4 Nf6 2. c4 e5 3. dxe5 Ng4 4. Nf3 Bc5 5. e3 Nc6 6. Nc3 O-O 7. Be2
Ncxe5 8. O-O Nxf3+ 9. Bxf3 Ne5 10. Be4 d6 11. Qe2 a5 12. Bd2 Re8 13. Rad1 c6
14. Bb1 Qh4 15. Ne4 Bf5 16. Nxc5 Bxb1 17. Rxb1 dxc5 18. Rbc1 Re6 19. e4 Rd8 20.
Rc3 Rd4 21. f3 b6 22. Be3 Rdd6 23. Rb3 Nd7 24. Qf2 Qd8 25. Bf4 Ne5 26. Qe2 f6
27. Bg3 Rd2 28. Qe3 Nxc4 29. Qc3 b5 30. Bf2 a4 31. Ra3 Nxa3 32. Qxa3 Rd1 0-1

[Event "Lansing (MI Op/6/17)"]
[Site "?"]
[Date "1996.??.??"]
[Round "?"]
[White "Haluska, James"]
[Black "Manion, Tom"]
[Result "1-0"]
[WhiteElo "2110"]
[BlackElo "1865"]
[PlyCount "63"]
[EventDate "1996.??.??"]

{6/(17)} 1. d4 f5 2. c4 g6 3. Nc3 Nf6 4. g3 Bg7 5. Bg2 O-O 6. Nh3 c6 7. O-O d6
8. d5 e5 9. dxe6 Bxe6 10. Qd3 Qe7 11. Rd1 Rd8 12. Bf4 d5 13. cxd5 Nxd5 14. Bg5
Bf6 15. Bxf6 Qxf6 16. Nf4 Na6 17. Nxe6 Nab4 18. Qc4 Qxe6 19. a3 b5 20. Qb3 Na6
21. Nxd5 Kf7 22. Qf3 cxd5 23. Rxd5 Nc7 24. Rc5 Qb6 25. Rc6 Qb8 26. Rac1 Rd7 27.
Rxc7 Rxc7 28. Rxc7+ Qxc7 29. Qxa8 Kg7 30. Qb7 Qxb7 31. Bxb7 a5 32. b4 1-0

[Event "Lansing (MI Op/4/18)"]
[Site "?"]
[Date "1996.??.??"]
[Round "?"]
[White "Haluska, James"]
[Black "Ashton, Jeff"]
[Result "0-1"]
[WhiteElo "2110"]
[BlackElo "1875"]
[PlyCount "32"]
[EventDate "1996.??.??"]

{4/(18)} 1. d4 Nf6 2. c4 c5 3. d5 e5 4. Nc3 d6 5. e4 Be7 6. Bd3 Nbd7 7. Nge2
Nf8 8. O-O Ng6 9. f4 exf4 10. Nxf4 Ne5 11. Be2 O-O 12. b3 a6 13. Bb2 Rb8 14.
Nd3 Nfd7 15. Bg4 Nxd3 16. Bxd7 Nxb2 0-1

[Event "Detroit (MEX/2/2)"]
[Site "?"]
[Date "1996.??.??"]
[Round "?"]
[White "Hahn, David"]
[Black "Rajlich, Vasik"]
[Result "0-1"]
[WhiteElo "2215"]
[BlackElo "2250"]
[PlyCount "80"]
[EventDate "1996.??.??"]

{2/(2)} 1. e4 c5 2. c3 Nf6 3. e5 Nd5 4. Nf3 d6 5. d4 cxd4 6. Qxd4 e6 7. Bc4 Nc6
8. Qe4 Be7 9. O-O dxe5 10. Nxe5 Nxe5 11. Qxe5 Bf6 12. Qe4 O-O 13. Rd1 Re8 14.
Be3 Re7 15. Na3 Rd7 16. Bxd5 Rxd5 17. Qf3 Rd7 18. Nb5 b6 19. Nd6 Rb8 20. Ne4
Be7 21. Rxd7 Bxd7 22. Rd1 f5 23. Nd6 Qc7 24. Nxf5 exf5 25. Qd5+ Kh8 26. Qf7 Be8
27. Qxf5 Rd8 28. Bd4 Bf6 29. Re1 Bg6 30. Qe6 Bxd4 31. cxd4 Qd7 32. Qxd7 Rxd7
33. Rd1 Kg8 34. f3 Kf7 35. Kf2 Rc7 36. Rd2 Rc2 37. Rxc2 Bxc2 38. Ke3 Ke6 39.
Kd2 Bb1 40. a3 Kd5 0-1

[Event "Lansing (MI Op/4/5)"]
[Site "?"]
[Date "1996.??.??"]
[Round "?"]
[White "Hahn, David"]
[Black "Mazuchowski, Tom"]
[Result "1-0"]
[WhiteElo "2200"]
[BlackElo "2140"]
[PlyCount "87"]
[EventDate "1996.??.??"]

{4/(5)} 1. c4 Nf6 2. Nc3 g6 3. e4 d6 4. d4 Bg7 5. f3 O-O 6. Bg5 Nbd7 7. Nh3 e5
8. d5 Nc5 9. Nf2 a5 10. Qd2 Qd7 11. g4 Ne8 12. Nd3 f6 13. Be3 b6 14. O-O-O Ba6
15. b3 Qe7 16. h4 Rf7 17. h5 g5 18. Qb2 h6 19. a3 Bb7 20. b4 axb4 21. axb4
Nxd3+ 22. Bxd3 c5 23. dxc6 Bxc6 24. Kd2 Qb7 25. Ra1 Rxa1 26. Rxa1 Nc7 27. b5
Bd7 28. Nd5 Nxd5 29. cxd5 f5 30. gxf5 Bxf5 31. Ra6 Bc8 32. Rxb6 Qd7 33. Rb8 Kh7
34. Be2 Qh3 35. Qc1 Bb7 36. b6 Qd7 37. Qa3 Bf6 38. Qa5 Kg7 39. Qb5 Qe7 40. Qa5
Rf8 41. Rxf8 Qxf8 42. Bb5 Qc8 43. Qa7 Kg8 44. Bc6 1-0

[Event "Lansing (MI Op/2/8)"]
[Site "?"]
[Date "1996.??.??"]
[Round "?"]
[White "Hahn, David"]
[Black "Bailey, Greg"]
[Result "1-0"]
[WhiteElo "2200"]
[BlackElo "2000"]
[PlyCount "97"]
[EventDate "1996.??.??"]

{2/(8)} 1. c4 Nf6 2. Nc3 c5 3. Nf3 Nc6 4. g3 g6 5. Bg2 Bg7 6. O-O O-O 7. d4
cxd4 8. Nxd4 Nxd4 9. Qxd4 d6 10. Qd2 a6 11. b3 Rb8 12. Bb2 b5 13. cxb5 axb5 14.
Nd5 Nxd5 15. Bxg7 Kxg7 16. Bxd5 Qb6 17. Rfc1 Bb7 18. a4 Bxd5 19. Qxd5 bxa4 20.
bxa4 Rfc8 21. Rxc8 Rxc8 22. Qe4 e6 23. a5 Qa6 24. Qd4+ Kg8 25. e3 d5 26. h4 h5
27. Qf6 Kf8 28. Rb1 Ke8 29. Kg2 Qa7 30. Rb6 Qc7 31. Qd4 Qc5 32. Qf6 Qc7 33. Rb2
Qa7 34. Qh8+ Kd7 35. Qg7 Ke7 36. Ra2 Qa6 37. Qb2 Rc6 38. Qa3+ Ke8 39. Rb2 Qc4
40. Rb8+ Kd7 41. Qf8 Rc8 42. Qxf7+ Kd8 43. Rb7 Rc7 44. Qf8+ Kd7 45. a6 e5 46.
a7 Rxb7 47. a8=Q Rc7 48. Qfe8+ Kd6 49. Qad8+ 1-0

[Event "Ann Arbor (Mini-Swiss/3/8)"]
[Site "?"]
[Date "1996.??.??"]
[Round "?"]
[White "Haddad, Wade"]
[Black "Swartz, J."]
[Result "0-1"]
[WhiteElo "1635"]
[BlackElo "1605"]
[PlyCount "112"]
[EventDate "1996.??.??"]

{3/(8)} 1. e4 c5 2. Nc3 g6 3. Nf3 d6 4. Be2 Bg4 5. O-O Bg7 6. d3 Nf6 7. Be3 O-O
8. Na4 Qd7 9. c4 Nc6 10. Rb1 Rfd8 11. Qd2 Bxf3 12. Bxf3 Ne5 13. Bd1 Nfg4 14.
Re1 Nxe3 15. Rxe3 Bh6 16. Nc3 Bxe3 17. Qxe3 Kg7 18. f4 Nc6 19. Qg3 e6 20. Bg4
f5 21. Bh3 Nd4 22. Re1 fxe4 23. Rxe4 Nf5 24. Qg5 Rf8 25. Ne2 Rf6 26. Ng3 Nxg3
27. Qxg3 Re8 28. Bg4 Kh8 29. h4 Qg7 30. d4 cxd4 31. Rxd4 e5 32. fxe5 dxe5 33.
Rd7 Rf7 34. Rd6 Rfe7 35. Qd3 e4 36. Qd5 e3 37. Re6 Rxe6 38. Bxe6 e2 39. Kf2
Qf6+ 40. Kxe2 Qxe6+ 41. Kd3 Qxd5+ 42. cxd5 Kg7 43. Kd4 Kf6 44. Kc5 Rc8+ 45. Kd6
Rd8+ 46. Kc5 Ke5 47. b4 Rxd5+ 48. Kc4 Rd4+ 49. Kc5 b6+ 50. Kb5 Kd5 51. a3 Rxh4
52. Ka6 Rg4 53. Kxa7 Kc6 54. Ka6 Rxg2 55. a4 Ra2 56. b5+ Kc5 0-1

[Event "Ann Arbor (Mini-Swiss/2/8)"]
[Site "?"]
[Date "1996.??.??"]
[Round "?"]
[White "Haddad, Wade"]
[Black "Stockman, David"]
[Result "0-1"]
[WhiteElo "1635"]
[BlackElo "1635"]
[PlyCount "54"]
[EventDate "1996.??.??"]

{2/(8)} 1. e4 e6 2. c4 d5 3. cxd5 exd5 4. exd5 Qxd5 5. Nc3 Qa5 6. Nf3 Nf6 7.
Bc4 Be7 8. O-O O-O 9. Re1 Nc6 10. d4 Bb4 11. Qb3 Bg4 12. d5 Bxf3 13. dxc6 Bxc6
14. Bf4 b5 15. Bd3 Bxc3 16. bxc3 Nd5 17. Be5 Rae8 18. Re2 Re7 19. Qb2 Rfe8 20.
Rae1 Qb6 21. c4 bxc4 22. Bxh7+ Kxh7 23. Qc2+ Kh8 24. Qxc4 Bb5 25. Qg4 f6 26.
Bxf6 Bxe2 27. Rxe2 Qb1+ 0-1

[Event "Ann Arbor (Mini-Swiss/2/11)"]
[Site "?"]
[Date "1996.??.??"]
[Round "?"]
[White "Haddad, Wade"]
[Black "Saenz, Scott"]
[Result "1-0"]
[WhiteElo "1605"]
[BlackElo "1605"]
[PlyCount "49"]
[EventDate "1996.??.??"]

{2/(11)} 1. e4 c5 2. Nc3 d6 3. Nf3 Nf6 4. Bc4 Nc6 5. O-O e6 6. d3 a6 7. a4 Qc7
8. Bf4 Be7 9. g3 O-O 10. Re1 e5 11. Bg5 Bg4 12. Kg2 Nd4 13. Re3 Bxf3+ 14. Rxf3
Nxf3 15. Qxf3 h6 16. Bxf6 Bxf6 17. Qg4 Rfd8 18. Nd5 Qa5 19. Nxf6+ Kh8 20. Bxf7
g5 21. Qf5 Kg7 22. Nh5+ Kf8 23. Bg6+ Kg8 24. Qf7+ Kh8 25. Qh7# 1-0

[Event "Ann Arbor (HVA/5/6)"]
[Site "?"]
[Date "1996.??.??"]
[Round "?"]
[White "Haddad, Wade"]
[Black "Moore, Dean"]
[Result "1-0"]
[WhiteElo "1605"]
[BlackElo "1605"]
[PlyCount "121"]
[EventDate "1996.??.??"]

{5/(6)} 1. d4 c5 2. d5 Nf6 3. Nc3 d6 4. e4 g6 5. g3 Bg7 6. Bg2 O-O 7. Nge2 Nbd7
8. O-O a6 9. a3 Re8 10. b4 b6 11. Rb1 Bb7 12. Be3 Rc8 13. Na4 b5 14. bxc5 dxc5
15. c4 Qa5 16. Bd2 Qc7 17. cxb5 axb5 18. Rxb5 Ba6 19. Ra5 Ra8 20. Rxa6 Rxa6 21.
Nec3 Rb8 22. Bf4 Ne5 23. Qe2 Ra7 24. Nb5 Qa5 25. Nxa7 Qxa7 26. Bxe5 Rb3 27. Qc4
Rxa3 28. Nxc5 Ng4 29. Bxg7 Kxg7 30. Rb1 Ne5 31. Qd4 Qc7 32. Rb7 Rd3 33. Rxc7
Rxd4 34. h4 Ng4 35. Kf1 Rd2 36. Rxe7 Rxf2+ 37. Ke1 Rxg2 38. Ne6+ Kf6 39. Ra7
Rxg3 40. Ng5 Re3+ 41. Kd2 Ke5 42. Rxf7 Kd4 43. Rxh7 Rg3 44. Rf7 Rg2+ 45. Ke1
Ne3 46. Nf3+ Kc3 47. Ng1 Rxg1+ 48. Ke2 Kd4 49. d6 Rd1 50. d7 Ke5 51. Kxe3 Ke6
52. Rh7 Rxd7 53. Rxd7 Kxd7 54. Kf4 Ke7 55. Kg5 Kf7 56. e5 Kg7 57. e6 Kh7 58.
Kf6 Kh6 59. e7 g5 60. hxg5+ Kh7 61. g6+ 1-0

[Event "Ann Arbor (Fall Open/2/12)"]
[Site "?"]
[Date "1996.??.??"]
[Round "?"]
[White "Haddad, Wade"]
[Black "Mears, M."]
[Result "0-1"]
[WhiteElo "1605"]
[BlackElo "1605"]
[PlyCount "128"]
[EventDate "1996.??.??"]

{2/(12)} 1. d4 d5 2. c4 c6 3. a4 Nf6 4. e3 e6 5. Nf3 Be7 6. Bd3 c5 7. O-O O-O
8. Nbd2 Nc6 9. cxd5 Qxd5 10. Qb3 cxd4 11. Qxd5 Nxd5 12. Nxd4 Nxd4 13. exd4 Bf6
14. Nf3 b6 15. Be4 Bb7 16. Bg5 Bxg5 17. Nxg5 g6 18. b4 Rad8 19. b5 Bc8 20. Nf3
Nf4 21. Ra2 Rd6 22. Re1 Rfd8 23. Rd2 Nd5 24. Ne5 Nc3 25. Nc6 R8d7 26. Bc2 a6
27. bxa6 Rxc6 28. Bd3 Rxd4 29. Rc2 Rxa4 30. Kf1 Bxa6 31. Bxa6 Rxa6 32. Re3 Nd5
33. Rxc6 Nxe3+ 34. fxe3 Ra3 35. Kf2 Rb3 36. Kf3 Kg7 37. g3 Kf6 38. Kf4 h5 39.
h4 Rb4+ 40. e4 b5 41. Rc5 Ke7 42. Rg5 Kd6 43. Ke3 Kc6 44. Kf4 Rc4 45. Rf5 Rc5
46. Rg5 Rxg5 47. hxg5 b4 48. Ke5 b3 49. Kf6 b2 50. Kxf7 b1=Q 51. Kxg6 Qxe4+ 52.
Kxh5 Qh7+ 53. Kg4 Qg6 54. Kh4 e5 55. Kg4 e4 56. Kf4 Kd5 57. g4 Kd4 58. Kg3 Qxg5
59. Kh3 e3 60. Kg3 Kd3 61. Kh3 e2 62. Kg3 e1=Q+ 63. Kh2 Qgh4+ 64. Kg2 Qef2# 0-1

[Event "Ann Arbor (HVA/1/4)"]
[Site "?"]
[Date "1996.??.??"]
[Round "?"]
[White "Haddad, Wade"]
[Black "McGuire, J."]
[Result "1/2-1/2"]
[WhiteElo "1605"]
[BlackElo "1605"]
[PlyCount "105"]
[EventDate "1996.??.??"]

{1/(4)} 1. d4 g6 2. c4 Bg7 3. Nf3 c6 4. e4 d6 5. Bg5 Bg4 6. Be2 Bxf3 7. Bxf3
Qb6 8. Nd2 Bxd4 9. O-O Nd7 10. Rb1 Nc5 11. Qc2 h6 12. Bh4 g5 13. Bg3 Nf6 14. b4
Ne6 15. b5 c5 16. Rfe1 h5 17. h4 gxh4 18. Bxh4 Kd7 19. g3 Rag8 20. Bg2 Rg7 21.
Nf3 Rhg8 22. Rbd1 Ng4 23. Re2 Qa5 24. Bh3 Qc3 25. Qxc3 Bxc3 26. Nh2 Bd4 27. Nf1
Nxf2 28. Rxf2 Bxf2+ 29. Kxf2 Kc7 30. Bxe7 Nd4 31. Bf6 Rg6 32. Bh4 Re8 33. Nd2
Ne6 34. Nf3 b6 35. Rd5 Rh8 36. e5 Nf8 37. exd6+ Rxd6 38. Rxd6 Kxd6 39. Ng5 Rg8
40. Nxf7+ Kc7 41. Bg2 Nd7 42. Bd5 Re8 43. Nd8 Ne5 44. Ne6+ Kd6 45. Bd8 Rxe6 46.
Bc7+ Kd7 47. Bxe6+ Kxe6 48. Bxe5 Kxe5 49. Ke3 Kf5 50. Kf3 Kg5 51. Kg2 Kg4 52.
Kf2 Kf5 53. Kf3 1/2-1/2

[Event "Ann Arbor (Mini-Swiss/1/11)"]
[Site "?"]
[Date "1996.??.??"]
[Round "?"]
[White "Haddad, Wade"]
[Black "Hosking, R."]
[Result "1-0"]
[WhiteElo "1605"]
[BlackElo "1605"]
[PlyCount "65"]
[EventDate "1996.??.??"]

{1/(11)} 1. e4 c6 2. d4 d5 3. Nc3 dxe4 4. Nxe4 Bf5 5. Ng3 Bg6 6. Be3 Nf6 7. c4
e6 8. a3 Nbd7 9. Be2 Qc7 10. Nh3 h6 11. O-O O-O-O 12. Nf4 Bh7 13. Bd3 Bxd3 14.
Nxd3 Nb6 15. Bf4 Bd6 16. Bxd6 Rxd6 17. c5 Rxd4 18. cxb6 Qxb6 19. Qc2 Qc7 20.
Rfd1 Rhd8 21. b4 a6 22. a4 Kb8 23. Ne2 Ng4 24. g3 R4d6 25. Nc3 Nf6 26. Rab1 b6
27. b5 a5 28. Ne5 Rxd1+ 29. Nxd1 Qxe5 30. bxc6 Kc7 31. Ne3 Qe4 32. Qb2 Qxc6 33.
Rc1 1-0

[Event "Ann Arbor (Mini-Swiss/2/11)"]
[Site "?"]
[Date "1996.??.??"]
[Round "?"]
[White "Haddad, Wade"]
[Black "Ebersole, A."]
[Result "1-0"]
[WhiteElo "1605"]
[BlackElo "1605"]
[PlyCount "71"]
[EventDate "1996.??.??"]

{2/(11)} 1. d4 Nc6 2. c4 e6 3. Nc3 Bb4 4. a3 Bxc3+ 5. bxc3 d5 6. cxd5 exd5 7.
e3 Nf6 8. Nf3 Bg4 9. Be2 Ne4 10. Qb3 Na5 11. Qb5+ Bd7 12. Qxa5 b6 13. Qxd5 Nf6
14. Qe5+ Qe7 15. Qxc7 Nd5 16. Qb7 Nxc3 17. Qxa8+ Qd8 18. Qxd8+ Kxd8 19. Bd2 Ne4
20. O-O g5 21. Bd3 Bb5 22. Bxb5 g4 23. Bc6 f5 24. Bxe4 fxe4 25. Ne5 Rf8 26.
Nxg4 h5 27. Ne5 b5 28. Rfc1 Rxf2 29. Kxf2 a5 30. Bxa5+ Ke7 31. Rc6 h4 32. Rb1
b4 33. Rxb4 Kf8 34. Rb8+ Kg7 35. Rb7+ Kh8 36. Rc8# 1-0

[Event "Ann Arbor (HVA/2/5)"]
[Site "?"]
[Date "1996.??.??"]
[Round "?"]
[White "Haddad, Wade"]
[Black "Bedy, N."]
[Result "0-1"]
[WhiteElo "1605"]
[BlackElo "1605"]
[PlyCount "100"]
[EventDate "1996.??.??"]

{2/(5)} 1. d4 d5 2. c4 e5 3. e3 exd4 4. exd4 dxc4 5. Bxc4 Nf6 6. Nf3 Bd6 7. O-O
O-O 8. Nc3 Bg4 9. d5 Nbd7 10. Bg5 Re8 11. Be2 Ne5 12. Re1 Nxf3+ 13. Bxf3 Rxe1+
14. Qxe1 Bxf3 15. gxf3 h6 16. Bh4 g5 17. Bg3 Nh5 18. Rd1 Nxg3 19. hxg3 Qd7 20.
Ne4 Qe7 21. b3 Be5 22. Qd2 f5 23. Nc3 Bxc3 24. Qxc3 Re8 25. Qc4 Qd6 26. Kg2 Kh7
27. Qd4 a6 28. Qa7 b5 29. Qb7 Re7 30. Qc6 Rd7 31. Qc2 Qf6 32. b4 Kg7 33. a4 h5
34. axb5 axb5 35. Qc5 Qb6 36. Qc3+ Kh6 37. Qe5 Qg6 38. Re1 h4 39. Qe6 Qxe6 40.
dxe6 Re7 41. gxh4 gxh4 42. Kh3 Kg7 43. Re5 Kf6 44. Rxb5 Kxe6 45. f4 Rg7 46. f3
Rg3+ 47. Kxh4 Rxf3 48. Kg5 Rg3+ 49. Kh5 Kf6 50. Rc5 Rh3# 0-1

[Event "Lansing (MI Op/4/27)"]
[Site "?"]
[Date "1996.??.??"]
[Round "?"]
[White "Haakonstad, Olaf"]
[Black "Gipson, John"]
[Result "0-1"]
[WhiteElo "1800"]
[BlackElo "1975"]
[PlyCount "70"]
[EventDate "1996.??.??"]

{4/(27)} 1. e4 e6 2. d4 d5 3. Nc3 Nf6 4. e5 Nfd7 5. f4 c5 6. Nf3 Nc6 7. Be3 Be7
8. Bd3 cxd4 9. Bxd4 Nxd4 10. Nxd4 Qb6 11. Nce2 a6 12. Rb1 Nc5 13. O-O Nxd3 14.
Qxd3 Bd7 15. Kh1 g6 16. Ng3 Bc5 17. Nde2 h5 18. h4 Qd8 19. Ng1 Qxh4+ 20. Nh3
Bb5 21. Qb3 Bxf1 22. Rxf1 Qe7 23. Qa4+ Qd7 24. Qb3 Qb5 25. Qxb5+ axb5 26. a3 b4
27. Rf3 bxa3 28. bxa3 Rxa3 29. Ng5 Rxf3 30. Nxf3 Ke7 31. Kh2 Rc8 32. Ne2 b5 33.
Ne1 Bf2 34. Nd3 Rxc2 35. Ndc1 Be3 0-1

[Event "Lansing (MI Op/2/32)"]
[Site "?"]
[Date "1996.??.??"]
[Round "?"]
[White "Haakonstad, Olaf"]
[Black "Garrison, Ray"]
[Result "0-1"]
[WhiteElo "1800"]
[BlackElo "1925"]
[PlyCount "80"]
[EventDate "1996.??.??"]

{2/(32)} 1. e4 d6 2. d4 Nf6 3. Nc3 c6 4. Nf3 Bg4 5. Bd3 e5 6. d5 Be7 7. O-O O-O
8. h3 Bh5 9. b3 cxd5 10. Nxd5 Nxd5 11. exd5 f5 12. Be2 Qa5 13. Qd2 Qxd2 14.
Bxd2 Bf6 15. Rae1 f4 16. Bb4 Rd8 17. Nd2 Bg6 18. Bd1 Na6 19. Ba3 b5 20. Ne4 b4
21. Bb2 Rac8 22. g3 fxg3 23. fxg3 Be7 24. Rf2 Rf8 25. Rd2 Nc5 26. Nxc5 Rxc5 27.
Ree2 Ra5 28. c4 Bg5 29. Rf2 Rxf2 30. Rxf2 Be3 31. a4 bxa3 32. Ba1 Rc5 33. Bc3
Rc8 34. Kg2 Bxf2 35. Kxf2 Rf8+ 36. Ke2 Be4 37. Ke3 Rf1 38. Be2 Rc1 39. Bxe5
dxe5 40. d6 Bc6 0-1

[Event "Howell (US Am N/2/21)"]
[Site "?"]
[Date "1996.??.??"]
[Round "?"]
[White "Guhl, U."]
[Black "Morian, William"]
[Result "1-0"]
[WhiteElo "1855"]
[BlackElo "1605"]
[PlyCount "53"]
[EventDate "1996.??.??"]

{2/(21)} 1. e4 e5 2. f4 Qh4+ 3. g3 Qe7 4. Nc3 exf4 5. Bc4 Nf6 6. Qe2 Nc6 7. Nf3
d6 8. d3 Be6 9. Bxe6 Qxe6 10. Bxf4 O-O-O 11. O-O h6 12. Nb5 g6 13. Be3 Kb8 14.
Nfd4 Qe7 15. Rxf6 Qxf6 16. Nxc6+ bxc6 17. Bxa7+ Kb7 18. Bd4 Qg5 19. Bxh8 cxb5
20. Bc3 Qc5+ 21. Kg2 b4 22. Bf6 Re8 23. a3 bxa3 24. Rxa3 Be7 25. Rb3+ Ka8 26.
d4 Qc6 27. d5 1-0

[Event "Howell (US Am N/4/3)"]
[Site "?"]
[Date "1996.??.??"]
[Round "?"]
[White "Guhl, U."]
[Black "Clark, K."]
[Result "1/2-1/2"]
[WhiteElo "1855"]
[BlackElo "2055"]
[PlyCount "111"]
[EventDate "1996.??.??"]

{4/(3)} 1. e4 e6 2. d4 d5 3. Nc3 Bb4 4. Bd2 dxe4 5. Qg4 Qf6 6. Qxe4 Qg6 7. Bd3
Qxe4+ 8. Nxe4 Bxd2+ 9. Kxd2 b6 10. Nf3 Bb7 11. Rhe1 Nd7 12. Neg5 h6 13. Nxe6
fxe6 14. Rxe6+ Kd8 15. Rg6 Ne7 16. Rxg7 Rg8 17. Rxg8+ Nxg8 18. Ne5 c5 19. Nxd7
Kxd7 20. dxc5 Bxg2 21. Rg1 Bd5 22. Bb5+ Ke7 23. Rg7+ Kf6 24. Rd7 Ne7 25. Rd6+
Ke5 26. f4+ Kxf4 27. Rd7 Bc6 28. Rxe7 Bxb5 29. cxb6 axb6 30. Re6 Rd8+ 31. Kc3
Rc8+ 32. Kb4 Rc6 33. Re7 Rxc2 34. Kxb5 Rxb2+ 35. Kc6 Rxa2 36. h4 Rh2 37. Kxb6
Rxh4 38. Kc5 Rh1 39. Kd4 Rd1+ 40. Kc3 h5 41. Rf7+ Kg3 42. Rg7+ Kh3 43. Rg6 Kh2
44. Rh6 Rd5 45. Kc4 Rg5 46. Kd4 Kg3 47. Ke4 h4 48. Rd6 Rg4+ 49. Kf5 Rf4+ 50.
Kg5 h3 51. Rd2 Rf3 52. Rd4 Kg2 53. Rd2+ Kg1 54. Kg4 Re3 55. Rd1+ Kf2 56. Rd2+
1/2-1/2

[Event "Howell (US Am N/6/11)"]
[Site "?"]
[Date "1996.??.??"]
[Round "?"]
[White "Guhl, U."]
[Black "Charette, K."]
[Result "1-0"]
[WhiteElo "1855"]
[BlackElo "1605"]
[PlyCount "61"]
[EventDate "1996.??.??"]

{6/(11)} 1. Nf3 Nf6 2. Rg1 d5 3. h3 e6 4. g4 Bd6 5. g5 Nh5 6. b3 g6 7. Bb2 O-O
8. e3 Nd7 9. Be2 c5 10. d4 b6 11. Ne5 Ng7 12. h4 Nf5 13. Ng4 cxd4 14. Bxd4 e5
15. Bb2 Bb7 16. Nd2 e4 17. Nxe4 dxe4 18. Qxd6 Re8 19. Qxd7 Qxd7 20. Nf6+ Kf8
21. Nxd7+ Ke7 22. O-O-O Nxh4 23. Bf6+ Ke6 24. Bc4+ Kf5 25. Bf1 Ke6 26. Rg4 Nf3
27. Bc4+ Bd5 28. Rxd5 Ne5 29. Nxe5 Rac8 30. Nc6 Rxc6 31. Rxe4# 1-0

[Event "Detroit (Class B/1/13)"]
[Site "?"]
[Date "1996.??.??"]
[Round "?"]
[White "Grzegorczyk, Ron"]
[Black "Zubatch, Steve"]
[Result "1-0"]
[WhiteElo "1620"]
[BlackElo "1720"]
[PlyCount "83"]
[EventDate "1996.??.??"]

{1/(13)} 1. e4 g6 2. d4 Bg7 3. Nf3 d6 4. Be2 Nf6 5. Nc3 O-O 6. O-O e5 7. dxe5
dxe5 8. Qxd8 Rxd8 9. Bg5 Re8 10. Rad1 a6 11. Rd2 Nc6 12. a3 Bg4 13. Rfd1 Bxf3
14. Bxf3 Nd4 15. Bxf6 Nxf3+ 16. gxf3 Bxf6 17. Nd5 Bd8 18. Ne3 c6 19. Rd7 Rb8
20. Nc4 Bf6 21. Nd6 Re7 22. Nc4 Rxd7 23. Rxd7 Kf8 24. Nd6 Be7 25. Nxb7 Ke8 26.
Rc7 g5 27. b4 h5 28. h3 h4 29. c4 f6 30. c5 a5 31. Nxa5 Bd8 32. Rxc6 Ra8 33.
Nc4 Be7 34. Kf1 Kd7 35. b5 Rb8 36. Nb6+ Kd8 37. a4 Bxc5 38. Rxc5 Rxb6 39. a5
Rb8 40. a6 Ra8 41. Rc6 Ke7 42. Ke2 1-0

[Event "Lansing (MOR/5/12)"]
[Site "?"]
[Date "1996.??.??"]
[Round "?"]
[White "Grzegorczyk, Ron"]
[Black "Stark, Jay"]
[Result "0-1"]
[WhiteElo "1680"]
[BlackElo "1605"]
[PlyCount "114"]
[EventDate "1996.??.??"]

{5/(12)} 1. e4 c5 2. Nf3 e6 3. b3 Qc7 4. Bb2 d5 5. exd5 exd5 6. Bb5+ Bd7 7.
Qe2+ Ne7 8. Nc3 Bxb5 9. Nxb5 Qb6 10. Be5 Na6 11. Nd6+ Kd7 12. Nxf7 Rg8 13. N3g5
Qg6 14. O-O h6 15. Qb5+ Qc6 16. Qxc6+ Nxc6 17. Nf3 Ke6 18. Nxh6 gxh6 19. Rfe1
Nxe5 20. Rxe5+ Kd6 21. Rae1 Nc7 22. d4 Bg7 23. dxc5+ Kxc5 24. Re7 Kd6 25. Nh4
Raf8 26. c4 dxc4 27. bxc4 b6 28. Kf1 Kc6 29. Ng6 Re8 30. R1e4 Bf6 31. Rxe8 Rxe8
32. Rg4 Bc3 33. g3 Re1+ 34. Kg2 Ra1 35. Ne7+ Kd7 36. Nf5 Rxa2 37. Nxh6 a5 38.
h4 a4 39. Nf5 Rd2 40. c5 b5 41. h5 Nd5 42. Nd6 Ne3+ 43. Kh3 Nxg4 44. Nxb5 Nxf2+
45. Kh4 Bh8 46. g4 Rd3 47. Kg5 Rb3 48. Na7 a3 49. h6 a2 50. c6+ Kc7 51. Nb5+
Rxb5+ 52. Kg6 a1=Q 53. g5 Kxc6 54. Kh7 Rb7+ 55. Kg6 Qe5 56. Kh5 Ne4 57. Kg6
Qxg5# 0-1

[Event "Kalamazoo (MI Am/1/18)"]
[Site "?"]
[Date "1996.??.??"]
[Round "?"]
[White "Grzegorczyk, Ron"]
[Black "Paul, Dennis"]
[Result "1-0"]
[WhiteElo "1680"]
[BlackElo "1605"]
[PlyCount "99"]
[EventDate "1996.??.??"]

{1/(18)} 1. e4 c5 2. Nf3 Nc6 3. b3 Nf6 4. d3 g6 5. Bb2 Bg7 6. Nbd2 O-O 7. Be2
d6 8. O-O Bg4 9. c3 b5 10. Ne1 Qc8 11. Nc2 a5 12. Ne3 Bxe2 13. Qxe2 Ne5 14. d4
Neg4 15. Nxg4 Qxg4 16. f3 Qd7 17. e5 Nd5 18. Ne4 Nf4 19. Qd1 Nd5 20. Re1 a4 21.
dxc5 Bxe5 22. Qxd5 Rfe8 23. Rad1 Ra6 24. cxd6 Bxd6 25. Kh1 a3 26. Ba1 Qc7 27.
Qxb5 Ra5 28. Qc4 Qxc4 29. bxc4 Rc8 30. Nxd6 exd6 31. Rxd6 Rxc4 32. Rd4 Rc8 33.
c4 Rb8 34. Rde4 Rb2 35. Re8+ Kg7 36. Rb8 Rc5 37. Bxb2+ axb2 38. Rxb2 Rxc4 39.
Ra1 Kf6 40. Re2 Ra4 41. a3 h5 42. Re4 Ra5 43. a4 Kf5 44. Rb1 Kf6 45. Rb5 Ra6
46. a5 Kg7 47. Ra4 Rc6 48. h3 Kf8 49. a6 Ke7 50. a7 1-0